Storia delle storie del femminismo /
Sábháilte in:
| Príomhchruthaitheoir: | |
|---|---|
| Rannpháirtithe: | , |
| Formáid: | LEABHAR |
| Teanga: | Iodáilis |
| Foilsithe / Cruthaithe: |
Roma :
Alegre,
2017
|
| Sraith: | QV ;
6 |
| Ábhair: | |
| Clibeanna: |
Níl clibeanna ann, Bí ar an gcéad duine le clib a chur leis an taifead seo!
|
MARC
| LEADER | 00000nam a2200000 i 4500 | ||
|---|---|---|---|
| 001 | IT\ICCU\RMB\0797274 | ||
| 003 | ItRI | ||
| 005 | 20260115232207.0 | ||
| 008 | 170227s2017 it |||||| ||||| |||||c | ||
| 015 | |2 IT |a 2017-6701 | ||
| 020 | |a 9788898841240 | ||
| 040 | |b ita |c importazione bologna sebina | ||
| 041 | 7 | |a ita |2 ISO-639-2 | |
| 082 | |a 305.42 |9 DONNE. RUOLO SOCIALE E CONDIZIONE |2 23 | ||
| 100 | 1 | |a Arruzza, Cinzia |0 IT\ICCU\UBOV\075187 | |
| 240 | 1 | 0 | |a Storia delle storie del femminismo |3 IT\ICCU\BCT\0101840 |9 Arruzza, Cinzia |
| 245 | 1 | 0 | |a Storia delle storie del femminismo / |c di Cinzia Arruzza e Lidia Cirillo ; postfazione di Tatiana Montella. |
| 260 | |a Roma : |b Alegre, |c 2017 | ||
| 300 | |a 158 p. ; |c 21 cm | ||
| 650 | 7 | |a Femminismo | |
| 700 | 1 | |a Cirillo, Lidia, |d (1940- ) |0 IT\ICCU\RAVV\086913 | |
| 700 | 1 | |a Montella, Tatiana |0 IT\ICCU\LO1V\358708 |4 aft | |
| 830 | 0 | |a QV ; |v 6 |0 IT\ICCU\CFI\0756678 | |
| 942 | |2 ddc |c BK |n 0 | ||
| 952 | |0 0 |1 0 |4 0 |6 DOC_305_420000000000000_ARU |7 0 |9 21714 |a BO |b BO |d 2026-01-15 |i 20773 |l 0 |o DOC 305.42 ARU |p BO20773 |r 2026-01-15 23:22:07 |w 2026-01-15 |x [Sebina 5] [1 v.] |y BK |z 1 v. | ||
| 999 | |c 18549 |d 18549 | ||